| 000 | 00707nam a22002057a 4500 | ||
|---|---|---|---|
| 003 | BD-DhUL | ||
| 005 | 20170517170847.0 | ||
| 008 | 160127s1998 bg |||| |||| 00| 0 ben | ||
| 020 | _a98441000 | ||
| 040 |
_aBD-DhUL _cBD-DhUL |
||
| 082 |
_a954.92 _bBAN |
||
| 245 | 0 | 0 |
_aবাংলাদেশ রাজনীতির ২৫ বছর : _c _bখন্ড. ১ / |
| 260 |
_aঢাকা : _bমাওলা, _c১৯৯৮। |
||
| 300 |
_aখ. : _c২২ সেমি. _bচিত্র ; |
||
| 365 |
_aBDT _b80 |
||
| 651 | 0 |
_aবাংলাদেশ _xইতিহাস। |
|
| 651 | 0 |
_aBangladesh _xHistory |
|
| 700 | 1 | _aরেহমান, তারেক শামসর | |
| 942 |
_2ddc _cBK |
||
| 999 |
_c198902 _d198902 |
||